Hry, sítě, porno 2.0 Rodičovský průvodce džunglí digitálního dětství a puberty
Saved in:
| Main Author | |
|---|---|
| Format | Electronic eBook |
| Language | Czech |
| Published |
Jan Melvil Publishing
2026
|
| Edition | 1. elektronické vydání |
| Subjects | |
| Online Access | Dostupné v BOOKPORT po přihlášení pomocí eduID |
| ISBN | 978-80-7555-345-4 978-80-7555-344-7 |
| Physical Description | 1 online zdroj (408 stran) |
Cover
| LEADER | 00000nam a2200000 i 4500 | ||
|---|---|---|---|
| 001 | bkp475060903 | ||
| 003 | CZ-prgp | ||
| 005 | 20260505102957.0 | ||
| 006 | m o d | ||
| 007 | cr cn | ||
| 008 | 260505s2026 xr o 000 0 cze | ||
| 020 | |a 978-80-7555-345-4 |c 319 Kč |q (online ; epub) | ||
| 020 | |a 978-80-7555-344-7 |c 359 Kč |q (print) | ||
| 040 | |a Grada |b cze |e rda | ||
| 100 | 1 | |a Michaela, Slussareff | |
| 245 | 1 | 0 | |a Hry, sítě, porno 2.0 |b Rodičovský průvodce džunglí digitálního dětství a puberty |c Slussareff Michaela |
| 250 | |a 1. elektronické vydání | ||
| 264 | 1 | |b Jan Melvil Publishing |c 2026 | |
| 300 | |a 1 online zdroj (408 stran) | ||
| 336 | |a text |b txt |2 rdacontent | ||
| 337 | |a počítač |b c |2 rdamedia | ||
| 338 | |a online zdroj |b cr |2 rdacarrier | ||
| 520 | 3 | |a ## O knize Digitální džungle už nikdy nebude méně divoká. Vaše děti se v ní ale nemusejí ztratit. Rodičovství je těžké - a to digitální obzvlášť. Virtuální svět se mění rychleji než kdy dřív a zahlcují jej krátká videa, čím dál návykovější hry, sofistikovanější algoritmy i online formy vztahů. Jak přesně to ovlivňuje život našich dětí? A můžeme to změnit? Michaela Slussareff vás seznámí s aktuálními vědeckými poznatky o vlivu digitálních technologií na děti i dospívající a pomůže vám je převést do každodenní rodičovské praxe. Jak společně komunikovat, nastavovat férová pravidla i rozpoznat, kdy se z běžného používání stává problém. ## V knize se mimo jiné dozvíte - Výzkumy z celého světa se shodují v tom, že děti do dvou let by vůbec neměly sledovat obrazovky. - Krátká videa zásadně mění nejen schopnost udržet pozornost a učit se, ale ovlivňují samotné myšlení. - Děti musíme připravit na to, že je mnohem obtížnější se pornografii na internetu vyhnout než ji vyhledat. - Vztahy s umělou inteligencí a virtuálními společníky už nejsou sci-fi a některým dětem nahrazují ty skutečné. - Pouhé zákazy a kontrola nefungují a nikdy nebudou - klíčem je přístup založený na otevřenosti, důvěře a dialogu. Staňte se spolehlivým průvodcem svých dětí a pomozte jim na cestě k digitální odolnosti. ## O autorovi Michaela Slussareff (* 1984) Zabývá se dopadem digitálních technologií na vývoj, psychiku a zdraví dětí a dospívajících. Je socioložkou, teoretičkou médií a dlouhodobě působí na Filozofické fakultě Univerzity Karlovy. Spoluzaložila Slow Tech Institute a iniciativu Digitální zdraví dětí, které podporují zdravé používání technologií v rodinách, školách i zdravotnické praxi. Přednáší rodičům, pedagogům a odborníkům a v médiích popularizuje aktuální vědecké poznatky o digitálním dětství. Původní vydání její knihy Hry, sítě, porno patří k nejcitovanějším českým titulům o digitálním rodičovství. Nová témata v rozšířeném vydání nejsou jen odpovědí na módní trendy, ale na realitu rodin dětí a dospívajících v roce 2026. V knize i ve své práci obecně Michaela klade důraz na evidence-besed přístup, srozumitelnost a praktickou využitelnost v každodenním životě. Kromě svého muže a dětí miluje jógu, hory, les a nakládaný hermelín. | |
| 650 | 0 | 4 | |a Psychologie pro každého |
| 650 | 0 | 4 | |a Komunikace |
| 650 | 0 | 4 | |a Vztahy, láska, rodina |
| 856 | 4 | 0 | |u https://www.bookport.cz/AccountSaml/SignIn/?idp=https://shibboleth.utb.cz/idp/shibboleth&returnUrl=/kniha/hry-site-porno-2-0-16016/ |y Dostupné v BOOKPORT po přihlášení pomocí eduID |